000 00305nam a2200121Ia 4500
005 20260328104318.0
008 260328s9999||||xx |||||||||||||| ||und||
100 _aFontana, Loris
245 0 _aPraglia Forma e immagine /
_cLoris Fontana
260 _bSignumedizioni
650 _aFOTOGRAFÍA
942 _cBK
999 _c11246
_d11246